| 000 | 01495cam a2200349 i 4500 | ||
|---|---|---|---|
| 001 | 19641171 | ||
| 003 | OSt | ||
| 005 | 20230925113109.0 | ||
| 008 | 170515t20172017enka b 001 0 eng | ||
| 010 | _a 2017022841 | ||
| 020 | _a9781108416412 (hardback : alk. paper) | ||
| 040 |
_aDLC _beng _cDLC _erda _dDLC |
||
| 042 | _apcc | ||
| 050 | 0 | 0 |
_aQA372 _b.N36 2017 |
| 082 | 0 | 0 |
_a515.352 _bNAN/O |
| 100 | 1 |
_aNandakumaran, A. K., _eauthor. |
|
| 245 | 1 | 0 |
_aOrdinary differential equations : _bprinciples and applications / _cA.K. Nandakumaran, P.S. Datti, Raju K. George. |
| 264 | 1 |
_aCambridge ; _aNew York, NY : _bCambridge University Press, _c2017. |
|
| 300 |
_axviii, 328 pages : _billustrations ; _c24 cm. |
||
| 336 |
_atext _btxt _2rdacontent |
||
| 337 |
_aunmediated _bn _2rdamedia |
||
| 338 |
_avolume _bnc _2rdacarrier |
||
| 490 | 0 | _aCambridge-IISc series | |
| 504 | _aIncludes bibliographical references and index. | ||
| 520 |
_a"Discusses the relevant topics including first and second order linear equations, initial value problems and qualitative theory"-- _cProvided by publisher. |
||
| 650 | 0 | _aDifferential equations. | |
| 700 | 1 |
_aDatti, P. S., _eauthor. |
|
| 700 | 1 |
_aGeorge, Raju K., _eauthor. |
|
| 906 |
_a7 _bcbc _corignew _d1 _eecip _f20 _gy-gencatlg |
||
| 942 |
_2ddc _cBK _h515.352 _iNAN/O _k515.352 _mNAN/O |
||
| 999 |
_c42295 _d42295 |
||